Detalles MARC
| 000 -CABECERA |
| campo de control de longitud fija |
03108nam a2200277 i 4500 |
| 003 - IDENTIFICADOR DEL NÚMERO DE CONTROL |
| campo de control |
DO-SdBNP |
| 005 - FECHA Y HORA DE LA ÚLTIMA TRANSACCIÓN |
| campo de control |
20251029144347.0 |
| 007 - CAMPO FIJO DE DESCRIPCIÓN FÍSICA--INFORMACIÓN GENERAL |
| campo de control de longitud fija |
ta |
| 008 - DATOS DE LONGITUD FIJA--INFORMACIÓN GENERAL |
| campo de control de longitud fija |
190807s2005 dr 000 spa d |
| 040 ## - FUENTE DE LA CATALOGACIÓN |
| Centro catalogador/agencia de origen |
DO-SdBNP |
| Lengua de catalogación |
spa |
| Centro/agencia transcriptor |
BNPHU |
| Normas de descripción |
rda |
| 041 ## - CÓDIGO DE LENGUA |
| Código de lengua del texto/banda sonora o título independiente |
spa |
| 082 #4 - NÚMERO DE LA CLASIFICACIÓN DECIMAL DEWEY |
| Número de clasificación |
xxx |
| Número de documento/Ítem |
xxx |
| Número de edición |
22 |
| 100 1# - ENTRADA PRINCIPAL--NOMBRE DE PERSONA |
| Nombre de persona |
Biaggi Lama, Juan A., |
| Fechas asociadas al nombre |
1951-2023 |
| Término indicativo de función/relación |
autor |
| Código de función/relación |
aut. |
| 9 (RLIN) |
76550 |
| 245 10 - MENCIÓN DE TÍTULO |
| Título |
Manual de derecho comercial dominicano : |
| Mención de responsabilidad, etc. |
Juan Alfredo Biaggi Lama / |
| 264 #4 - PRODUCCIÓN, PUBLICACIÓN, DISTRIBUCIÓN, FABRICACIÓN Y COPYRIGHT |
| Producción, publicación, distribución, fabricación y copyright |
Santo Domingo : |
| Nombre del de productor, editor, distribuidor, fabricante |
Ediciones Jurídicas Trajano Potentini, |
| Fecha de producción, publicación, distribución, fabricación o copyright |
©2005. |
| 300 ## - DESCRIPCIÓN FÍSICA |
| Extensión |
volumen ; |
| Dimensiones |
23 cm. |
| 336 ## - TIPO DE CONTENIDO |
| Término de tipo de contenido |
texto |
| Código de tipo de contenido |
txt |
| Fuente |
rdacontent |
| 337 ## - TIPO DE MEDIO |
| Nombre/término del tipo de medio |
sin mediación |
| Código del tipo de medio |
n |
| Fuente |
rdamedia |
| 338 ## - TIPO DE SOPORTE |
| Nombre/término del tipo de soporte |
volumen |
| Código del tipo de soporte |
nc |
| Fuente |
rdacarrier |
| 500 ## - NOTA GENERAL |
| Nota general |
La biblioteca posee el v.1. |
| 500 ## - NOTA GENERAL |
| Nota general |
Incluye datos biográficos del autor en la contracubierta. |
| 500 ## - NOTA GENERAL |
| Nota general |
Incluye referencias bibliográficas y notas al pie de las páginas |
| 505 0# - NOTA DE CONTENIDO CON FORMATO |
| Nota de contenido con formato |
v. 1-- |
| Título |
Introducción al estudio del derecho comercial -- |
| -- |
Fuentes del derecho comercial -- |
| -- |
El Estado y el comercio -- |
| -- |
La libertad de comercio y la competencia desleal -- |
| -- |
La organización judicial del comercio -- |
| -- |
La jurisdicción arbitral -- |
| -- |
De los comerciantes -- |
| -- |
Los actos de comercio -- |
| -- |
Los actos de comercio por accesorio o por relación -- |
| -- |
Los otros actos de comercio el comercio marítimo -- |
| -- |
Las obligaciones profesionales de los comerciantes -- |
| -- |
Los libros de comercio -- |
| -- |
El fondo de comercio -- |
| -- |
Los contratos comerciales -- |
| -- |
Los contratos civiles estudiados en sus aplicaciones comerciales -- |
| -- |
El contrato de prenda -- |
| -- |
Los contratos de representación -- |
| -- |
El contrato de sociedad -- |
| Información miscelánea |
v. 2 |
| Título |
Caracteres generales de la personalidad moral de las sociedades -- |
| -- |
Las sociedades desprovistas de personalidad y jurídica -- |
| -- |
Clasificación de las sociedades -- |
| -- |
Disposiciones relativas a la constitución de las sociedades y al reconocimiento de su existencia -- |
| -- |
Disposiciones relativas a la transformación, disolución y liquidación de las sociedades -- |
| -- |
Las sociedades de personas -- |
| -- |
Las sociedades en comandita simple -- |
| -- |
Las sociedades por acciones -- |
| -- |
Las compañías por acciones o sociedades anónimas -- |
| -- |
Las sociedades en comandita por acciones -- |
| -- |
Las sociedades por acciones o sociedades anónimas -- |
| -- |
Las otras sociedades contempladas en el código de comercio -- |
| -- |
Las sociedades de capital variable -- |
| -- |
Los holdings -- |
| -- |
Las compañías off shore -- |
| -- |
Los Bancos y sus operaciones -- |
| -- |
El contrato de depósito bancario -- |
| -- |
El contrato de factoring -- |
| -- |
Las operaciones de las bolsas -- |
| -- |
Sociedades de seguro o tontinas -- |
| -- |
Las sociedades bancarias y financieras -- |
| -- |
Obligaciones cautelares de los comerciantes y sociedades comerciales en la prevención de crímenes y delitos -- |
| -- |
Los instrumentos de pago y de crédito -- |
| -- |
Los efectos de comercio -- |
| -- |
La letra de cambio -- |
| -- |
El pagaré a la orden -- |
| -- |
Los volúmenes en la industria turística -- |
| -- |
El cheque -- |
| -- |
La quiebra -- |
| -- |
Las operaciones de cuentas -- |
| -- |
Arreglo del pasivo -- |
| -- |
Bancarrota -- |
| -- |
La quiebra en el proyecto del nuevo código de comercio -- |
| 590 ## - NOTA LOCAL (RLIN) |
| Nota local |
Inventariado, 2020 /LP<br/><br/> |
| 942 ## - ELEMENTOS DE PUNTO DE ACCESO ADICIONAL (KOHA) |
| Fuente del sistema de clasificación o colocación |
Dewey Decimal Classification |
| Tipo de ítem Koha |
Libro |